000 00574nam a2200169 u 4500
001 000029917
005 20200930055915.0
008 100811s2000 dr a 000 0 spa d
040 _aDO-SdBNP
_bspa
_cBNPHU
082 _axxxx
_bE792s
245 0 0 _aEstadísticas seleccionadas del sector turismo 2000 /
_ceditor Julio Moya.
260 _aSanto Domingo :
_bASONAHORES,
_c2000
_fYan impresos
300 _a86 p. :
_bil. ;
_c28 cm.
500 _aIncluye índice de gráficos
700 1 _aMoya, Julio,
_eed.
_956657
710 1 _aAsociación Nacional de Hoteles y Restaurantes
_956658
999 _c29409
_d29409